000 01303cad a2200265 4500
001 L158895
008 100215n2013 000 0 eng u
020 _a9781783210305
035 _a(Sirsi) u158895
041 _aeng
100 1 _aMitchell, David
111 2 _aConstruction and Building Research Conference
_cIIT Delhi, New Delhi
_d10-12 September 2013
245 0 0 _aBIM implementation
_bA 5D QSs's view on procurement and cost savings
_h[electronic resource]
260 _aLondon
_bRICS
_c2013
490 0 _aCOBRA
_v2013
520 _aA paper presented at the COBRA Conference in New Delhi on 10-12 September 2013. Discusses ideas around implementation of Building Information Modeling (BIM) outside of the design office, through examples that demonstrate some of the small things that can have a high impact and are often overlooked because of the significant barriers to big BIM implementation. This paper provides a practitioner's perspective based upon the observations made on actual projects and builds on the 5D BIM methodology.
650 2 4 _aCONSTRUCTION AND BUILDING RESEARCH CONFERENCE (COBRA)
650 2 4 _a4D BIM
650 2 4 _a5D BIM
650 2 4 _aQuantity surveying
_96263
651 4 _aAustralia
690 _aBIM
_96219
690 _aCost management
_96233
942 _n0
999 _c115573
_d115573